|
|
|
|
| LEADER |
00000nab a2200000 a 4500 |
| 001 |
vtls000578007 |
| 003 |
SK-MaSNL |
| 005 |
20260318133052.0 |
| 008 |
180331c1996 xo 0 hun |
| 015 |
|
|
|a SNBRB19rr/mm-uuuuu
|
| 035 |
|
|
|a CL0578145
|
| 040 |
|
|
|a SNKBUCL
|b slo
|c SNKBUCL
|e AACR2
|
| 041 |
0 |
|
|a hun
|
| 044 |
|
|
|a xo
|c SK
|
| 080 |
|
|
|a 78:061.5(437.6=945.11)
|2 1981
|
| 100 |
1 |
|
|a Török, Elemér,
|d 1930-2006
|4 aut
|9 89372
|
| 245 |
1 |
0 |
|a Sikeres váltás
|b Látogatóban az ELÓKONCERT műsorszervező irodában
|c Elemér Török, Ildikó Miskó
|
| 300 |
|
|
|b Fotogr. 1
|
| 650 |
0 |
7 |
|a ELÓKONCERT, Dunajská Streda
|2 snkbucl
|9 1202281
|
| 651 |
|
7 |
|a 5202
|2 snkbucl
|9 277881
|
| 655 |
|
7 |
|a články z novín a časopisov
|2 snkbucl
|9 267496
|
| 700 |
1 |
|
|a Miskó, Ildikó,
|d 1965-
|4 aut
|9 904879
|
| 773 |
0 |
|
|t Szabad újság
|g Roč. 4, č. 9 (1996), s. 5
|
| 850 |
|
|
|a Slovenská národná knižnica v Martine
|a DSG001
|
| 852 |
|
|
|a SNK
|b KIS3GCP
|
| 958 |
|
|
|a RK
|
| 958 |
|
|
|a HU
|
| 958 |
|
|
|a SK
|
| 992 |
|
|
|a RBX
|
| 999 |
|
|
|c 2097607
|d 2099537
|